000 00943cam a22002414a 4500
005 20250605164004.0
008 250528s ||||||||||||||||||||||||d
035 _a15741
020 _a256139725
040 _aGR-AtMCL
_bgre
_dGR-AtMCL
_eAACR2
245 1 _aConsumer Behavior / Implications for Marketing Strategy
250 _a6th
260 _bIrwin Mcgraw-Hill,
_c1995
300 _a654
505 0 _aIntroduction, External Influences, Internal Influences, Consumer Decision Process, Organizations as Consumers, Consumer Behavior and Marketing Practice and Society, Index.
520 _aIntroduction, External Influences, Internal Influences, Consumer Decision Process, Organizations as Consumers, Consumer Behavior and Marketing Practice and Society, Index.
700 1 _aBest Roger J.
_91711
700 1 _aConey Kenneth A
_91712
700 1 _aHawkins Del I
_91713
942 _cBK
999 _c1296
_d1296